Ngữ văn nâng cao 10

Sách hướng dẫn và luyện làm văn lớp 10 qua việc phân tích các tác phẩm văn học.

Đã lưu trong:
書目詳細資料
主要作者: Trần, Đình Sử
格式: 圖書
語言:Undetermined
出版: Hà Nội Giáo dục 2007
主題:
標簽: 添加標簽
沒有標簽, 成為第一個標記此記錄!
Thư viện lưu trữ: Trung tâm Học liệu Trường Đại học Cần Thơ
LEADER 00730nam a2200217Ia 4500
001 CTU_156466
008 210402s9999 xx 000 0 und d
020 |c 7900 
082 |a 495.9220712 
082 |b S550/T.2 
100 |a Trần, Đình Sử 
245 0 |a Ngữ văn nâng cao 10 
245 0 |c Trần Đình Sử tổng chủ biên 
260 |a Hà Nội 
260 |b Giáo dục 
260 |c 2007 
520 |a Sách hướng dẫn và luyện làm văn lớp 10 qua việc phân tích các tác phẩm văn học. 
650 |a Philology 
650 |x Study and teaching (secondary) 
904 |i Bạch Trúc 
980 |a Trung tâm Học liệu Trường Đại học Cần Thơ